Open Data Biblioteca Nacional de Portugal


República Portuguesa: Ministério da Cultura
Biblioteca Nacional de Portugal

Catálogo da BNP: acesso por Identificadores Unívocos
Registos Bibliográficos associados ao registo de autoridade

Etiqueta de registo: 00254nam 2200025 450
001 2283937
003 http://id.bnportugal.gov.pt/bib/catbnp/2283937
100 ## $a20260409d2025 k y0pory01030103ba
101 0# $apor$deng
102 ## $aPT
105 ## $aa m 000yy
106 ## $ar
200 1# $aPrograma de reabilitação respiratória de manutenção em pessoas com DPOC$edesenvolvimento de uma intervenção complexa de enfermagem$fDuarte José Esteves Pinto$gorient. José Miguel dos Santos Castro Padilha, Paulo Alexandre Puga Machado
210 #9 $aPorto$c[s.n.],$d2025
215 ## $a191 p.$cil.$d30 cm
328 #1 $aTese dout. Ciências de Enfermagem, Instituto de Ciências Biomédicas Abel Salazar, Universidade do Porto, 2025
700 #1 $aPinto,$bDuarte José Esteves$31995107
702 #1 $aPadilha,$bJosé Miguel dos Santos Castro$4727$31318272
702 #1 $aMachado,$bPaulo Alexandre Puga$4727$31051769
801 #0 $aPT$bBN$gRPC
966 ## $lBN$mFGMON$x1
971 ## $cssilva$d20260409

OpendataBNP@bnportugal.pt | Mais informação sobre acesso aos dados BNP